Martin Amis novels Quiz Stats

 Plays Quiz not verified by Sporcle

Score 0/12 Timer 07:00
0 Plays Today
Year Title % Correct
1984Money
96.4%
1973The Rachel Papers
89.2%
1989London Fields
89.2%
1991Time's Arrow
82.5%
2003Yellow Dog
80.1%
1995The Information
76.5%
1975Dead Babies
74.7%
2010The Pregnant Widow
61.4%
1978Success
58.4%
1997Night Train
56.6%
1981Other People
52.4%
2006House of Meetings
43.4%

You're not logged in!

Compare scores with friends on all Sporcle quizzes.
OR
Log In

Show Comments

Extras

Created Jul 27, 2010ReportNominate
Tags:Author Quiz, Novel Quiz

Top Quizzes Today


Score Distribution

Your Account Isn't Verified!

In order to create a playlist on Sporcle, you need to verify the email address you used during registration. Go to your Sporcle Settings to finish the process.

Report this User

Report this user for behavior that violates our Community Guidelines.

Details: